00703nam a2200169Ia 4500008004100000020001400041050002100055100002600076245006700102260004000169300001800209490002200227500008100249505014200330650003200472650002900504120626s1997 sp 000 0 spa d a843426162 aLB45 bF852 1997 aFullat, Octavieautor aAntropología filosófica de la educaciónc/ Octavi Fullat aEspañab: Editorial Arielc, 1997 a154 páginas aAriel educación aIncluye: Indice, Introducción epistemológica, Bibliografía, Cortesía 6Proceso educativo y antropogénesis El hombre como physis El hombre como polis o civilización El hombre como ruha o desmesura  0aANTROPOLOGÍA PEDAGÓGICA 0aEDUCACIÓNxFILOSOFÍA